000
00203nam a2200085Ia 4500
008
120527s9999 xx 000 0 und d
100
_a
Luzzi,McKinney
245
_a
New and Old world philosophy
942
_c
BK
999
_c
27396
_d
27396